Hello In Different Languages - Statistics

General Stats
  • This quiz has been taken 65 times
  • The average score is 26 of 42
Answer Stats
Hello In Language Language Spoken In % Correct
Ni Hao Mandarin
100%
Hola Spanish
98%
Hello English
96%
Bonjour French
96%
Guten Tag German
96%
Kon-nichiwa Japanese
94%
Hej Swedish
90%
Salve/Ciao Italian
88%
Ola Portuguese
85%
Goede Dag, Hallo Dutch
83%
Zdravstvuyte Russian
83%
Ahalan Arabic
79%
Hei Ho Cantonese
79%
Aloha Hawaiian
79%
An-nyong Ha-se-yo Korean
79%
Hei Finnish
77%
Shalom Hebrew
75%
Namaste Hindi
75%
Goddag Danish
71%
Xin Chao Vietnamese
69%
Dobry Den/Ahoj Czech
65%
Hallo Norwegian
65%
Dzien' Dobry Polish
65%
Gia'sou Greek
63%
Merhaba/Selam Turkish
63%
Sa-wat-dee Thai
56%
Zdravei/Zadrasti Bulgarian
54%
Buna Ziua Romanian
54%
Jambo/Hujambo Swahili
50%
Vitayu Ukrainian
50%
Jo Napot Hungarian
44%
Halo Indonesian
42%
Parev Armenian
38%
Miredita Albanian
35%
Hallo/Gooan Daginn Icelandic
31%
Dia Duit Irish
31%
Sholem Alychem Yiddish
29%
Aksunai/Quanuipit Inuit
27%
Sawubona Zulu
27%
Salve/Salvete Latin
25%
Hylo; Sut Mae Welsh
23%
Saluton Esperanto
19%
No matching quizzes found
Score Distribution
Percent of People with Each Score
Percentile by Number Answered
Your Score History
You have not taken this quiz